00417nam a2200133Ia 4500008004100000020002200041100001800063245002900081260002900110300007600139500002000215650002000235650002800255191108s9999 xx 000 0 und d a9.7803754146e+012 aClinton, Bill cBill ClintonaMy life /  aNew York: bKnopfc2004. a957 pages, 957, xliii pages :bBlack and white illustrations; c 24 cm aIncludes index. aClinton family. aClinton, Bill, -- 1946-